Camino real
Guardado en:
| Autor principal: | |
|---|---|
| Formato: | Libro |
| Lenguaje: | inglés |
| Publicado: |
Norfolk
New Directions Books
1953
|
| Materias: | |
| Etiquetas: |
Agregar Etiqueta
Sin Etiquetas, Sea el primero en etiquetar este registro!
|
MARC
| LEADER | 00000nam a2200000 a 4500 | ||
|---|---|---|---|
| 001 | UCQ4393 | ||
| 003 | CL-VaPUC | ||
| 008 | 980904e19530000US |||||||||||||||||eng|d | ||
| 082 | 0 | 4 | |a 812 |b WIL |2 21 |
| 100 | 0 | |a Williams, Tennessee |e author |9 362698 | |
| 245 | 1 | 0 | |a Camino real |
| 300 | |a 161 p | ||
| 942 | |c BK | ||
| 945 | |d 19980904 00:00:00 |a crobeson | ||
| 260 | |a Norfolk |b New Directions Books |c 1953 | ||
| 650 | 7 | |a DRAMAS ESTADOUNIDENSES |2 CL-VaPUC |9 267218 | |
| 650 | 0 | |a Literatura estadounidense |9 317168 | |
| 583 | |a last modification |c 19980904 00:00:00 |k Rodrigo Vera | ||
| 999 | |c 274774 |d 274772 | ||
| 952 | |0 0 |1 0 |4 0 |6 812_000000000000000_WIL_1953 |7 0 |8 A |9 311080 |a BIBEDU |b BIBEDU |d 2019-11-20 |i 1463675 |o 812 WIL 1953 |p 1463675 |r 2019-11-20 |w 2019-11-20 |y BK |k LIT | ||